000 00786nam a2200241Ia 4500
003 OSt
005 20220926000903.0
006 a|||||r|||| 00| 0
007 ta
008 220923b |||||||| |||| 00| 0 eng d
020 _a9788126540211
_c2545.75
037 _b816, 20/12/2013, Pranami Book Service
_cGeneral Book
040 _aRTL
_cRTL
_beng
041 _2eng
_aeng
082 _aX:86, P3
100 _aMILOSEVIC Dragan Z.
_9303163
245 0 _aProject management toolbox
_b Tools and techniques for the practicing project manager
260 _a New Delhi
_bJohn Wiley
_c2013
300 _axvi, 584p
_ccm.
650 _aCommerce
942 _hX:86, P3
_cGB
_2CC
999 _c599968
_d599968